000 nam a22 7a 4500
999 _c3036
_d3036
005 20170519100557.0
008 170519b1978 ny ||||| |||| 00| 0 eng d
020 _a0070151881
040 _aAKMAL
082 _a658.3 DAL
090 _a658.3
_bDAL
100 1 _aDale, Ernest,
_d1917-
_96324
245 1 0 _aManagement :
_btheory and practice /
_c Ernest Dale.
250 _a4th ed.
260 _aNew York :
_bMcGraw-Hill,
_cc1978
300 _axii, 656 p. :
_bill. ;
_c25 cm
490 0 _aMcGraw-Hill series in management
504 _aIncludes bibliographical references and indexes.
650 0 _aIndustrial management.
_92203
942 _2ddc
_cBOOK